[Event "Budapest-chT1 Lilienthal 1718"]
[Site "Budapest"]
[Date "2018.02.25"]
[Round "10"]
[White "Csaszar, Gyula"]
[Black "Demjen, Mark"]
[Result "1-0"]
[WhiteElo "1966"]
[BlackElo "1753"]
[PlyCount "83"]
[EventDate "2017.10.01"]
[EventType "team-tourn"]
[EventRounds "13"]
[EventCountry "HUN"]
[SourceTitle "EXT 2021"]
[Source "ChessBase"]
[SourceDate "2020.10.23"]
[SourceVersion "1"]
[SourceVersionDate "2020.10.23"]
[SourceQuality "1"]
[WhiteTeam "Budapest EAC II"]
[BlackTeam "Penzugyor III"]
[WhiteTeamCountry "HUN"]
[BlackTeamCountry "HUN"]

1. e4 c6 2. d4 d5 3. exd5 cxd5 4. c4 Nf6 5. Nc3 Nc6 6. Be3 Bf5 7. Rc1 e6 8. c5 Be7 9. a3 0-0 10. Nf3 Re8 11. Bb5 Bg4 12. 0-0 a6 13. Ba4 Ne4 14. h3 Bh5 15. b4 Bf6 16. Qd3 Bg6 17. Qe2 Re7 18. Rfd1 Nxc3 19. Rxc3 e5 20. Bxc6 bxc6 21. dxe5 Bxe5 22. Nxe5 Rxe5 23. Qd2 Qh4 24. Bf4 Re4 25. Bg5 Qh5 26. g4 Rxg4+ 27. hxg4 Qxg4+ 28. Rg3 Qh5 29. Kg2 f6 30. Bf4 Re8 31. Re1 Rxe1 32. Qxe1 Qf5 33. Qe3 Bf7 34. Qe7 h5 35. Bd6 Bg6 36. Qe2 h4 37. Rh3 Qg5+ 38. Kh2 Bf5 39. Re3 h3 40. Rg3 Qc1 41. Qe8+ Kh7 42. Qh5+ 1-0

[Event "HUN-chT2 Charousek 1718"]
[Site "Hungary"]
[Date "2018.02.18"]
[Round "6.12"]
[White "Demjen, Mark"]
[Black "Kun, Balint"]
[Result "0-1"]
[WhiteElo "1735"]
[BlackElo "1685"]
[PlyCount "60"]
[EventDate "2017.10.29"]
[EventType "team-tourn"]
[EventRounds "9"]
[EventCountry "HUN"]
[SourceTitle "EXT 2020"]
[Source "ChessBase"]
[SourceDate "2019.10.17"]
[SourceVersion "1"]
[SourceVersionDate "2019.10.17"]
[SourceQuality "1"]
[WhiteTeam "Penzugyor"]
[BlackTeam "Balatonfuered"]
[WhiteTeamCountry "HUN"]
[BlackTeamCountry "HUN"]

1. d4 Nf6 2. Bf4 g6 3. c4 Bg7 4. Nc3 0-0 5. e4 d6 6. Be2 Nc6 7. d5 Nb8 8. h4 e5 9. Be3 a5 10. Qd2 Na6 11. h5 Nc5 12. Bf3 Bg4 13. hxg6 fxg6 14. 0-0-0 Bxf3 15. gxf3 Nh5 16. Nce2 a4 17. Bg5 Qd7 18. Qe3 b5 19. Ng3 Nf4 20. N1e2 bxc4 21. Nxf4 exf4 22. Bxf4 Qb5 23. e5 Nd3+ 24. Rxd3 cxd3 25. Ne4 Qc4+ 26. Kb1 Qc2+ 27. Ka1 Rab8 28. Qd4 Rxf4 29. Rb1 Bxe5 30. Qa7 Bxb2+ 0-1

[Event "Budapest-chT1 Lilienthal 1718"]
[Site "Budapest"]
[Date "2018.02.04"]
[Round "8"]
[White "Demjen, Mark"]
[Black "Nagy, Ferenc3333"]
[Result "1-0"]
[WhiteElo "1753"]
[BlackElo "1947"]
[PlyCount "65"]
[EventDate "2017.10.01"]
[EventType "team-tourn"]
[EventRounds "13"]
[EventCountry "HUN"]
[SourceTitle "EXT 2021"]
[Source "ChessBase"]
[SourceDate "2020.10.23"]
[SourceVersion "1"]
[SourceVersionDate "2020.10.23"]
[SourceQuality "1"]
[WhiteTeam "Penzugyor III"]
[BlackTeam "Siraly"]
[WhiteTeamCountry "HUN"]
[BlackTeamCountry "HUN"]

1. d4 g6 2. e4 Bg7 3. c4 e6 4. Nc3 Ne7 5. Be3 d5 6. e5 0-0 7. h4 dxc4 8. h5 Nf5 9. g4 Nxe3 10. fxe3 Qg5 11. Qe2 Bd7 12. Bg2 Bc6 13. Nh3 Qe7 14. hxg6 hxg6 15. g5 Rd8 16. 0-0-0 b5 17. Bxc6 Nxc6 18. Ne4 Nb4 19. Nf6+ Kf8 20. Kb1 c5 21. Nf4 Qc7 22. Rhf1 Ke7 23. a3 a5 24. d5 Qxe5 25. axb4 Qxg5 26. d6+ Rxd6 27. Rxd6 Bxf6 28. Rb6 axb4 29. Rxb5 c3 30. Rb7+ Kf8 31. Qd3 cxb2 32. Nxe6+ fxe6 33. Qd6+ 1-0

[Event "Budapest-chT1 Lilienthal 1718"]
[Site "Budapest"]
[Date "2018.01.21"]
[Round "7"]
[White "Dlauchy, Peter"]
[Black "Demjen, Mark"]
[Result "1-0"]
[WhiteElo "1716"]
[BlackElo "1753"]
[PlyCount "39"]
[EventDate "2017.10.01"]
[EventType "team-tourn"]
[EventRounds "13"]
[EventCountry "HUN"]
[SourceTitle "EXT 2021"]
[Source "ChessBase"]
[SourceDate "2020.10.23"]
[SourceVersion "1"]
[SourceVersionDate "2020.10.23"]
[SourceQuality "1"]
[WhiteTeam "Budapest Vasas II"]
[BlackTeam "Penzugyor III"]
[WhiteTeamCountry "HUN"]
[BlackTeamCountry "HUN"]

1. e4 e5 2. Nf3 Nc6 3. d4 exd4 4. Bc4 Nf6 5. 0-0 d6 6. Re1 Bg4 7. Qd3 Ne5 8. Nxe5 dxe5 9. Qb3 Qd7 10. Qxb7 Qc8 11. Qb5+ c6 12. Qxe5+ Be7 13. Qxd4 0-0 14. Bg5 Rd8 15. Qe3 h6 16. Bh4 g5 17. Bg3 Qb7 18. Qb3 Qd7 19. Nc3 Rab8 20. Bxb8 1-0

[Event "Budapest-chT1 Lilienthal 1718"]
[Site "Budapest"]
[Date "2017.12.10"]
[Round "5"]
[White "Farkas, Otto Jr"]
[Black "Demjen, Mark"]
[Result "0-1"]
[WhiteElo "1638"]
[BlackElo "1753"]
[PlyCount "50"]
[EventDate "2017.10.01"]
[EventType "team-tourn"]
[EventRounds "13"]
[EventCountry "HUN"]
[SourceTitle "EXT 2021"]
[Source "ChessBase"]
[SourceDate "2020.10.23"]
[SourceVersion "1"]
[SourceVersionDate "2020.10.23"]
[SourceQuality "1"]
[WhiteTeam "Palota Sakk"]
[BlackTeam "Penzugyor III"]
[WhiteTeamCountry "HUN"]
[BlackTeamCountry "HUN"]

1. e4 e5 2. Nf3 Nc6 3. Bb5 a6 4. Ba4 Nf6 5. 0-0 Be7 6. c3 0-0 7. Re1 b5 8. Bb3 d5 9. exd5 Nxd5 10. Nxe5 Nxe5 11. Rxe5 c6 12. Bxd5 cxd5 13. d4 Bd6 14. Re3 f5 15. Qf3 Bb8 16. Nd2 Ra7 17. Nb3 g5 18. Nc5 f4 19. Re1 g4 20. Qd1 Qh4 21. Bxf4 Rxf4 22. g3 Qh5 23. gxf4 Bxf4 24. Kf1 Qh3+ 25. Kg1 Bxh2+ 0-1

[Event "Budapest-chT1 Lilienthal 1718"]
[Site "Budapest"]
[Date "2017.11.19"]
[Round "4"]
[White "Demjen, Mark"]
[Black "Juhasz, Andras"]
[Result "0-1"]
[WhiteElo "1753"]
[BlackElo "1868"]
[PlyCount "64"]
[EventDate "2017.10.01"]
[EventType "team-tourn"]
[EventRounds "13"]
[EventCountry "HUN"]
[SourceTitle "EXT 2021"]
[Source "ChessBase"]
[SourceDate "2020.10.23"]
[SourceVersion "1"]
[SourceVersionDate "2020.10.23"]
[SourceQuality "1"]
[WhiteTeam "Penzugyor III"]
[BlackTeam "Mattolda"]
[WhiteTeamCountry "HUN"]
[BlackTeamCountry "HUN"]

1. e4 e6 2. d4 d5 3. e5 c5 4. c3 Nc6 5. Nf3 Nge7 6. a3 a5 7. Bd3 Nf5 8. Bc2 Qb6 9. g4 Nh6 10. h3 Be7 11. b3 Bd7 12. Ra2 Rc8 13. Be3 Na7 14. Qd2 cxd4 15. cxd4 Bb5 16. Nc3 Qc6 17. Ne2 b6 18. 0-0 Bxa3 19. Bxh6 Bb4 20. Qd1 gxh6 21. Kh2 Bxe2 22. Qxe2 Nb5 23. Bd3 Nc3 24. Qc2 Ke7 25. Raa1 Ne4 26. Qe2 Ng5 27. Nxg5 hxg5 28. Qe3 h6 29. f4 Qc3 30. fxg5 Qd2+ 31. Qxd2 Bxd2 32. gxh6 Rxh6 0-1

[Event "Budapest-chT1 Lilienthal 1718"]
[Site "Budapest"]
[Date "2017.11.12"]
[Round "3"]
[White "Nagy, Laszlo"]
[Black "Demjen, Mark"]
[Result "1/2-1/2"]
[WhiteElo "1918"]
[BlackElo "1753"]
[PlyCount "72"]
[EventDate "2017.10.01"]
[EventType "team-tourn"]
[EventRounds "13"]
[EventCountry "HUN"]
[SourceTitle "EXT 2021"]
[Source "ChessBase"]
[SourceDate "2020.10.23"]
[SourceVersion "1"]
[SourceVersionDate "2020.10.23"]
[SourceQuality "1"]
[WhiteTeam "Fabulon"]
[BlackTeam "Penzugyor III"]
[WhiteTeamCountry "HUN"]
[BlackTeamCountry "HUN"]

1. c4 e6 2. Nc3 Bb4 3. Qc2 Nc6 4. e3 a5 5. d4 Nf6 6. Nf3 d6 7. Bd3 e5 8. d5 Bxc3+ 9. bxc3 Nb8 10. 0-0 0-0 11. Ba3 Qe7 12. Nd2 Re8 13. f3 b6 14. Rae1 g6 15. Kh1 Nh5 16. g4 Ng7 17. Rg1 Nd7 18. Re2 Kh8 19. h4 Qxh4+ 20. Rh2 Qf6 21. Qd1 Kg8 22. Ne4 Qe7 23. Ng3 Nf6 24. Qe2 Bd7 25. Rh6 e4 26. Nxe4 Nxe4 27. Bxe4 Qg5 28. Qh2 Rxe4 29. Rxh7 Nh5 30. Rxh5 Qxe3 31. Rh8+ Kg7 32. Qh7+ Kf6 33. g5+ Ke7 34. fxe4 Qxe4+ 35. Rg2 Qe1+ 36. Rg1 Qe4+ 1/2-1/2

[Event "Budapest Gyorgy Memorial 2nd"]
[Site "Budapest"]
[Date "2017.10.14"]
[Round "5.4"]
[White "Demjen, Mark"]
[Black "Galuszka, Tomasz"]
[Result "0-1"]
[WhiteElo "1753"]
[BlackElo "1934"]
[PlyCount "78"]
[EventDate "2017.10.12"]
[EventType "swiss"]
[EventRounds "7"]
[EventCountry "HUN"]
[SourceTitle "EXT 2019"]
[Source "ChessBase"]
[SourceDate "2018.10.10"]
[SourceVersion "1"]
[SourceVersionDate "2018.10.10"]
[SourceQuality "1"]

1. d4 d5 2. Bf4 Nf6 3. Nf3 e6 4. e3 c5 5. c3 Nc6 6. Bd3 cxd4 7. exd4 Bd6 8. Bxd6 Qxd6 9. 0-0 0-0 10. Re1 a6 11. a4 b6 12. Ne5 Bb7 13. f4 Na7 14. Qe2 b5 15. Nd2 b4 16. g4 Rac8 17. g5 Ne4 18. Bxe4 dxe4 19. Qe3 bxc3 20. bxc3 Nc6 21. Nxe4 Qd5 22. Ng4 Kh8 23. Rab1 Na5 24. Ne5 Qxe4 25. Qxe4 Bxe4 26. Rxe4 Nc4 27. Nxc4 Rxc4 28. Rb4 Rxc3 29. Rb6 g6 30. Rxa6 Rb8 31. Kf2 Rh3 32. Kg2 Ra3 33. Ra7 Rb2+ 34. Kf1 Rxh2 35. Kg1 Rd2 36. Re1 Kg8 37. a5 Rxd4 38. Ra8+ Kg7 39. Ra7 Ra2 0-1

[Event "Budapest Gyorgy Memorial 2nd"]
[Site "Budapest"]
[Date "2017.10.13"]
[Round "2.5"]
[White "Godovanchuk, Ilie"]
[Black "Demjen, Mark"]
[Result "0-1"]
[WhiteElo "1081"]
[BlackElo "1753"]
[PlyCount "106"]
[EventDate "2017.10.12"]
[EventType "swiss"]
[EventRounds "7"]
[EventCountry "HUN"]
[SourceTitle "EXT 2019"]
[Source "ChessBase"]
[SourceDate "2018.10.10"]
[SourceVersion "1"]
[SourceVersionDate "2018.10.10"]
[SourceQuality "1"]

1. d4 Nf6 2. c4 e6 3. Nf3 c5 4. e3 cxd4 5. exd4 d5 6. Nc3 Be7 7. Bd3 0-0 8. Qc2 Nc6 9. a3 dxc4 10. Bxc4 Nxd4 11. Nxd4 Qxd4 12. Be2 Bd7 13. Be3 Qe5 14. 0-0 Rac8 15. Rac1 Bd6 16. g3 Nd5 17. Qd2 Nxc3 18. Rxc3 Rxc3 19. Bd4 Rc2 20. Qxc2 Qxd4 21. Rd1 Qe5 22. Qd3 Bc6 23. Bf1 Qd5 24. Qxd5 Bxd5 25. Bg2 Bxg2 26. Kxg2 Rd8 27. b4 Kf8 28. f4 Ke7 29. Kf3 b6 30. h4 Bxb4 31. Rxd8 Kxd8 32. axb4 Kd7 33. Ke4 Kd6 34. Kd4 a5 35. b5 a4 36. Kc4 a3 37. Kb3 Kc5 38. Kxa3 Kxb5 39. Kb3 h5 40. Kc3 Ka4 41. Kb2 Kb4 42. Ka2 Kc3 43. Kb1 Kb3 44. Kc1 b5 45. Kb1 b4 46. Ka1 Kc2 47. f5 e5 48. f6 gxf6 49. g4 e4 50. gxh5 e3 51. h6 e2 52. h7 e1Q+ 53. Ka2 Qb1# 0-1